00368nam a2200157Ia 4500003000400000005001700004008004100021040000700062041000800069082001500077100001500092245004700107260002400154300000900178650002300187OSt20260331123853.0250729s2008 xx 000 0 und d cAL aeng a002.1 MICM aMicro Soft aMicro soft ms-dos users guide and refernce aMangalorebCZc2008 a668p aComputer Education